Score 0/26 Timer 03:00
1 Play Today
% Correct
Men
98.1%
Men
98.1%
Day
97.5%
Prince
95.8%
West
95.4%
West
95.4%
Happyness
94.6%
Two
87%
Legend
84.7%
State
81.3%
Tale
80.7%
Robot
79.1%
Jiggy
77.2%
% Correct
Bad
71%
Separation
70.2%
Head
70%
Vance
68.4%
Trouble
54.6%
You
53.7%
Parents
41.8%
Street
28.7%
Made
28.5%
Will
23.6%
Just
17.4%
It
2.6%
Starter
2.4%

Today's Daily Dose

Missing Word
Lizzo Songs

Get the Picture
The Longest Rivers

Remove Ads.
Support Sporcle.
Get the best of Sporcle when you Go Orange. This ad-free experience offers more features, more stats, and more fun while also helping to support Sporcle. Thank you for becoming a member.

You're not logged in!

Compare scores with friends on all Sporcle quizzes.
OR
Log In

Show Comments

Extras

Top Quizzes Today


Score Distribution

Your Account Isn't Verified!

In order to create a playlist on Sporcle, you need to verify the email address you used during registration. Go to your Sporcle Settings to finish the process.

Report this User

Report this user for behavior that violates our Community Guidelines.

Details: